[Event "I Festival A"]
[Site "Assisi ITA"]
[Date "2003.12.21"]
[Round "2"]
[White "Mogranzini, Roberto"]
[Black "Meijers, Viesturs"]
[Result "1-0"]
[WhiteElo "2172"]
[BlackElo "2499"]
[PlyCount "79"]
[EventDate "2003.12.20"]

1. e4 c5 2. Ne2 e6 3. d4 cxd4 4. Nxd4 a6 5. Bd3 Qc7 6. O-O Nc6 7. Nxc6 dxc6 8.
Nd2 Nf6 9. a4 e5 10. b3 Bg4 11. Qe1 Bb4 12. Qe3 Bc3 13. Ba3 h6 14. Nc4 Rd8 15.
Bc5 Bd4 16. Bxd4 exd4 17. Qc1 b5 18. Nd2 O-O 19. f4 Bd7 20. h3 c5 21. axb5 axb5
22. Qe1 Bc6 23. Qh4 c4 24. bxc4 bxc4 25. Nxc4 Bxe4 26. Ne5 Rfe8 27. Ra6 Bxd3
28. cxd3 Nd5 29. Rc6 Qb7 30. Rfc1 Nc3 31. R6xc3 dxc3 32. Rxc3 f6 33. Ng4 Re2
34. Nxf6+ Kh8 35. Ne4 Ra8 36. Qg4 Rf8 37. Qxe2 Rxf4 38. Qe3 Rf8 39. Kh2 Rf1 40.
Ng3 1-0

[Event "I Festival A"]
[Site "Assisi ITA"]
[Date "2003.12.21"]
[Round "2"]
[White "Mrdja, Milan"]
[Black "Bonugli, Carlo"]
[Result "1-0"]
[WhiteElo "2387"]
[BlackElo "2047"]
[PlyCount "55"]
[EventDate "2003.12.20"]

1. e4 e6 2. Qe2 c5 3. Nf3 Nc6 4. g3 Nf6 5. e5 Nd5 6. Nc3 Be7 7. Bg2 O-O 8. O-O
d6 9. exd6 Bxd6 10. Rd1 Nf6 11. Nb5 a6 12. Nxd6 Qxd6 13. d4 cxd4 14. Bf4 Qb4
15. Ne5 Nd5 16. Nxc6 bxc6 17. Be5 f6 18. Bxd4 e5 19. c3 Qb7 20. Bc5 Re8 21. c4
Ne7 22. Bxe7 Qxe7 23. Bxc6 Bb7 24. Bxe8 Rxe8 25. Rac1 Qe6 26. b3 f5 27. Qd3 Qf7
28. c5 1-0

[Event "I Festival A"]
[Site "Assisi ITA"]
[Date "2003.12.21"]
[Round "2"]
[White "Naumkin, Igor"]
[Black "Stromboli, Carlo"]
[Result "1-0"]
[WhiteElo "2401"]
[BlackElo "1894"]
[PlyCount "43"]
[EventDate "2003.12.20"]

1. d4 Nf6 2. Nf3 d5 3. c4 c6 4. Nc3 e6 5. Bg5 h6 6. Bxf6 Qxf6 7. e3 Bd6 8. Bd3
O-O 9. O-O Nd7 10. c5 Bc7 11. e4 e5 12. exd5 exd4 13. Ne4 Qf4 14. d6 Bb8 15.
Rc1 b6 16. b4 Ne5 17. Nxe5 Qxe5 18. Re1 Be6 19. Nd2 Qf6 20. Ba6 Bc8 21. Bxc8
Rxc8 22. Nc4 1-0

[Event "I Festival A"]
[Site "Assisi ITA"]
[Date "2003.12.21"]
[Round "2"]
[White "Ragonesi, Marcello"]
[Black "Pizzuto, Samuele Tullio"]
[Result "1-0"]
[WhiteElo "1988"]
[BlackElo "2120"]
[PlyCount "117"]
[EventDate "2003.12.20"]

1. Nf3 d5 2. c4 c6 3. b3 Bg4 4. e3 Nd7 5. h3 Bh5 6. Bb2 Ngf6 7. Be2 Qc7 8. Nc3
e6 9. Rc1 dxc4 10. bxc4 Rd8 11. d4 Nb6 12. Qb3 Be7 13. O-O O-O 14. Rfd1 Qb8 15.
a4 Rfe8 16. Rd2 Nbd7 17. Rcd1 Bf8 18. Ng5 Bxe2 19. Nxe2 h6 20. Nf3 Ne4 21. Rd3
Ndf6 22. Nc3 Bd6 23. Qc2 Qc7 24. Nxe4 Nxe4 25. Rb3 f5 26. Nd2 Ng5 27. e4 Qf7
28. e5 Bb8 29. f4 Nh7 30. Nf3 Rd7 31. Rbd3 Red8 32. Qb3 Nf8 33. Ba3 Ng6 34. g3
Nh8 35. Kh2 Kh7 36. R1d2 Qg8 37. Qd1 g5 38. Rg2 g4 39. Nh4 h5 40. Rg1 Rg7 41.
Ng2 Rgd7 42. Ne3 Ng6 43. hxg4 hxg4 44. Kg2 Qf7 45. Rh1+ Kg7 46. Rd2 Bc7 47. Bb4
Bb8 48. Bc3 Bc7 49. a5 a6 50. d5 Bb8 51. d6 Ba7 52. Nc2 Rh8 53. Rd3 Nf8 54. Bd4
Bxd4 55. Nxd4 Rd8 56. Rxh8 Kxh8 57. Qh1+ Qh7 58. Rd1 Qxh1+ 59. Rxh1+ 1-0

[Event "I Festival A"]
[Site "Assisi ITA"]
[Date "2003.12.21"]
[Round "2"]
[White "Rombaldoni, Axel"]
[Black "Bighiu, Gheorghe"]
[Result "1-0"]
[WhiteElo "1894"]
[BlackElo "2112"]
[PlyCount "129"]
[EventDate "2003.12.20"]

1. e4 e5 2. Nf3 Nf6 3. d4 Nxe4 4. Bd3 Nc6 5. Nxe5 Nxe5 6. dxe5 d5 7. Bxe4 dxe4
8. Qxd8+ Kxd8 9. Nc3 Bb4 10. Bg5+ Ke8 11. O-O-O Bg4 12. Rd4 Bxc3 13. bxc3 h6
14. Rxe4 Bh3 15. gxh3 hxg5 16. Rg4 Rxh3 17. Rxg5 g6 18. Rg3 Rh5 19. f4 Ke7 20.
Kd2 Ke6 21. Ke3 Rd8 22. h4 Rd5 23. Rb1 b6 24. Rb4 c5 25. Ra4 a5 26. Rg1 Kd7 27.
c4 Rd4 28. c3 b5 29. cxd4 cxd4+ 30. Kxd4 bxa4 31. Rg4 Rh8 32. Kd5 Rd8 33. Kc5
Rc8+ 34. Kb5 Ke6 35. a3 Kf5 36. Rg5+ Kxf4 37. c5 Ke4 38. Rg1 Kxe5 39. Kb6 Rb8+
40. Kc7 Rb3 41. c6 Rxa3 42. Re1+ Kf5 43. Kc8 Rc3 44. c7 a3 45. Rd1 Kg4 46. Kd8
Kxh4 47. c8=Q Rxc8+ 48. Kxc8 g5 49. Kd7 g4 50. Kd6 Kg3 51. Ke5 a2 52. Kf5 Kh3
53. Kf4 g3 54. Kf3 g2 55. Kf2 Kh2 56. Ra1 f5 57. Rc1 f4 58. Ra1 f3 59. Rc1 a4
60. Ra1 a3 61. Rc1 a1=Q 62. Rxa1 a2 63. Rc1 a1=Q 64. Rxa1 g1=Q+ 65. Rxg1 1-0

[Event "I Festival A"]
[Site "Assisi ITA"]
[Date "2003.12.21"]
[Round "2"]
[White "Rombaldoni, Denis"]
[Black "Skembris, Spyridon"]
[Result "0-1"]
[WhiteElo "2131"]
[BlackElo "2439"]
[PlyCount "142"]
[EventDate "2003.12.20"]

1. d4 Nf6 2. c4 c5 3. d5 e5 4. Nc3 d6 5. e4 Be7 6. Nf3 Nbd7 7. Be2 Nf8 8. h3
Ng6 9. g4 h6 10. Be3 Nh7 11. Nh2 Bg5 12. Nf1 a6 13. Qd2 Bd7 14. Ng3 Bxe3 15.
fxe3 Qh4 16. Kf2 Ne7 17. Kg2 g6 18. Raf1 O-O 19. Bd1 b5 20. Nce2 f5 21. exf5
gxf5 22. Ng1 Ng5 23. Nf3 Nxf3 24. Rxf3 bxc4 25. Qc2 Rab8 26. Nxf5 Bxf5 27. gxf5
Nxd5 28. Qd2 Qe4 29. Kh2 Kh8 30. Rhf1 Qd3 31. Qf2 Nf6 32. b3 cxb3 33. Bxb3 c4
34. Rd1 Qe4 35. Bc2 Qc6 36. e4 Rb2 37. Rd2 Kh7 38. Qh4 Qe8 39. Rff2 Qe7 40. Rg2
Rg8 41. Kh1 Rxa2 42. Rxg8 Nxg8 43. Qh5 Qg5 44. Qf7+ Kh8 45. Rg2 Ra1+ 46. Kh2
Qf4+ 47. Rg3 Rh1+ 48. Kxh1 Qxg3 49. Qxc4 Qxh3+ 50. Kg1 Qe3+ 51. Kf1 Qc1+ 52.
Ke2 h5 53. Qd3 Nf6 54. Qb3 Kg7 55. Bd3 Ng4 56. Bxa6 Qf4 57. Qb7+ Kf6 58. Qd7
Qxe4+ 59. Kd2 Qd5+ 60. Kc1 Qc5+ 61. Kd1 Qd4+ 62. Kc2 Ne3+ 63. Kb3 Qd1+ 64. Kb4
Qd2+ 65. Kb5 Nxf5 66. Qd8+ Kg6 67. Qg8+ Ng7 68. Bc8 Qc3 69. Bd7 e4 70. Be8+ Kg5
71. Bc6 Qc5+ 0-1

[Event "I Festival A"]
[Site "Assisi ITA"]
[Date "2003.12.21"]
[Round "2"]
[White "Sansonetti, Giorgio"]
[Black "Aleksic, Nenad"]
[Result "0-1"]
[WhiteElo "2123"]
[BlackElo "2391"]
[PlyCount "92"]
[EventDate "2003.12.20"]

1. d4 Nf6 2. Nc3 d5 3. Bg5 Nbd7 4. f3 h6 5. Bh4 e6 6. e4 dxe4 7. fxe4 Be7 8.
Bg3 O-O 9. e5 Nh7 10. Nf3 Nb6 11. h4 Nd5 12. Ne4 Ne3 13. Qd3 Nxf1 14. Rxf1 b6
15. O-O-O Bb7 16. Kb1 Qd5 17. Rde1 Rad8 18. Qe3 c5 19. c3 cxd4 20. Nxd4 Qxe4+
21. Qxe4 Bxe4+ 22. Rxe4 Rd7 23. Nc6 Bc5 24. b4 Rc8 25. b5 a6 26. c4 Rd2 27.
Ref4 axb5 28. cxb5 Ra8 29. a4 Rxg2 30. R1f3 f5 31. Rc4 Bg1 32. Rd3 Nf8 33. Be1
Re2 34. Bc3 Re4 35. Ne7+ Kh7 36. Rc7 Rexa4 37. Nc8 Rg4 38. h5 Bc5 39. Rd8 Ba3
40. Rf7 Kg8 41. Rb7 f4 42. Ne7+ Bxe7 43. Rxa8 f3 44. Rxe7 f2 45. Ree8 f1=Q+ 46.
Ka2 Rf4 0-1

[Event "I Festival A"]
[Site "Assisi ITA"]
[Date "2003.12.21"]
[Round "2"]
[White "Scipioni, Gaetano"]
[Black "Terbonati, Paolo"]
[Result "1/2-1/2"]
[WhiteElo "2046"]
[BlackElo "1572"]
[PlyCount "120"]
[EventDate "2003.12.20"]

1. d4 Nf6 2. Nf3 g6 3. c4 Bg7 4. Nc3 O-O 5. Bf4 d6 6. e4 c5 7. d5 a5 8. Be2 Na6
9. O-O Nh5 10. Bg5 h6 11. Be3 f5 12. Nh4 Nf4 13. Bxf4 g5 14. Nxf5 Bxf5 15. Bd2
Bd7 16. f4 Bf6 17. Bg4 gxf4 18. Rxf4 Bd4+ 19. Kh1 Rxf4 20. Bxf4 Bg7 21. Qf3
Bxg4 22. Qxg4 Qc8 23. Qg6 Qe8 24. Qe6+ Qf7 25. Qxf7+ Kxf7 26. Rf1 Bxc3 27.
Bxd6+ Ke8 28. bxc3 exd6 29. Rf6 Ke7 30. Rxh6 Rf8 31. g4 Nc7 32. Kg2 b5 33. e5
Ne8 34. cxb5 dxe5 35. Re6+ Kd7 36. Rxe5 Kd6 37. Rh5 Nf6 38. Rf5 Ke7 39. Re5+
Kd6 40. Rf5 Ke7 41. h3 Rb8 42. c4 Ne8 43. d6+ Nxd6 44. Rxc5 Ke6 45. Kf3 Rh8 46.
Rc6 Ke5 47. Rc5+ Ke6 48. Rc6 Ke5 49. Ke2 Ne4 50. Ra6 Kd4 51. Rxa5 Nc5 52. Ra7
Kxc4 53. b6 Rb8 54. b7 Nxb7 55. g5 Nc5 56. h4 Re8+ 57. Kf3 Kd5 58. Kg4 Ke6 59.
h5 Rb8 60. h6 Ne4 1/2-1/2

[Event "I Festival A"]
[Site "Assisi ITA"]
[Date "2003.12.21"]
[Round "2"]
[White "Starostits, Ilmars"]
[Black "Trombettoni, Andrea"]
[Result "1-0"]
[WhiteElo "2431"]
[BlackElo "2033"]
[PlyCount "33"]
[EventDate "2003.12.20"]

1. e4 c5 2. Nc3 Nc6 3. g3 g6 4. Bg2 Bg7 5. d3 e6 6. Be3 d6 7. f4 Nge7 8. Nf3
Nd4 9. O-O O-O 10. e5 dxe5 11. Nxe5 Rb8 12. Ne4 b6 13. c3 Ndf5 14. Bf2 Bb7 15.
Qa4 Qc7 16. g4 Nd6 17. Qd7 1-0

[Event "I Festival A"]
[Site "Assisi ITA"]
[Date "2003.12.21"]
[Round "2"]
[White "Stein, Wolgang"]
[Black "Stromboli, Ettore"]
[Result "0-1"]
[WhiteElo "1634"]
[BlackElo "2137"]
[PlyCount "60"]
[EventDate "2003.12.20"]

1. e4 e6 2. d4 d5 3. Nc3 Bb4 4. a3 Bxc3+ 5. bxc3 dxe4 6. f3 e5 7. Rb1 Nh6 8.
Rb5 O-O 9. Rxe5 exf3 10. Nxf3 Ng4 11. Re2 f5 12. h3 Nf6 13. Qd3 Ne4 14. Bf4 Be6
15. g3 b5 16. Ne5 Nd7 17. Rxe4 fxe4 18. Qe3 Nxe5 19. Bxe5 c6 20. Qxe4 Bd5 21.
Qg4 Qe7 22. Rh2 Rf7 23. Bd3 Qxa3 24. Qh5 Qc1+ 25. Qd1 Qe3+ 26. Qe2 Qc1+ 27. Qd1
Qa3 28. Qh5 Qxc3+ 29. Rd2 Be4 30. Bxe4 Qe3+ 0-1

[Event "I Festival A"]
[Site "Assisi ITA"]
[Date "2003.12.21"]
[Round "2"]
[White "Tischbierek, Raj"]
[Black "Diekmann, Hans-Joachim"]
[Result "1-0"]
[WhiteElo "2519"]
[BlackElo "2151"]
[PlyCount "82"]
[EventDate "2003.12.20"]

1. e4 c5 2. Nf3 e6 3. d4 cxd4 4. Nxd4 a6 5. Nc3 Qc7 6. Bd3 Nc6 7. Nxc6 dxc6 8.
O-O Nf6 9. a4 e5 10. Be3 Bg4 11. Qe1 Be6 12. a5 Bb4 13. Nb5 Qe7 14. Nc7+ Qxc7
15. Qxb4 Nd7 16. f4 f6 17. f5 Bf7 18. Bc4 Bxc4 19. Qxc4 O-O-O 20. b4 Qd6 21.
Rab1 Kb8 22. Rfd1 Qe7 23. Rd3 g6 24. Qe6 Rhe8 25. Rbd1 Kc8 26. Kf2 gxf5 27.
Qxf5 Kc7 28. c3 Rg8 29. g3 Rge8 30. Kg2 Qf7 31. Bb6+ Kc8 32. Bxd8 Rxd8 33. R1d2
Kc7 34. g4 Qg7 35. h3 Qf7 36. Kg3 h6 37. Kh4 Qg7 38. Rxd7+ Rxd7 39. Rxd7+ Qxd7
40. Qxd7+ Kxd7 41. Kh5 c5 1-0

[Event "I Festival A"]
[Site "Assisi ITA"]
[Date "2003.12.21"]
[Round "3"]
[White "Aleksic, Nenad"]
[Black "Korneev, Oleg"]
[Result "0-1"]
[WhiteElo "2391"]
[BlackElo "2559"]
[PlyCount "70"]
[EventDate "2003.12.20"]

1. e4 e5 2. Nf3 Nc6 3. c3 Nf6 4. d3 d5 5. Qc2 a5 6. Be2 Bc5 7. O-O O-O 8. Bg5
dxe4 9. dxe4 h6 10. Bh4 Qd6 11. Nbd2 Nh5 12. Nc4 Qe6 13. Rfe1 Nf4 14. Bf1 Nxg2
15. Kxg2 Qh3+ 16. Kg1 Qxf3 17. Bg3 Qf6 18. Rad1 b6 19. Ne3 Bxe3 20. Rxe3 Bg4
21. Rd5 Be6 22. Bg2 Rae8 23. Qa4 Bxd5 24. exd5 Nb8 25. f4 e4 26. f5 Qxf5 27.
Bxc7 Qxd5 28. Bxb6 Nd7 29. Bd4 f5 30. Rg3 Ne5 31. Bf1 Kh7 32. Bc4 Qb7 33. Bb5
Nf3+ 34. Rxf3 exf3 35. Bxe8 Qxb2 0-1

[Event "I Festival A"]
[Site "Assisi ITA"]
[Date "2003.12.21"]
[Round "3"]
[White "Bentivegna, Francesco"]
[Black "Caruso, Augusto"]
[Result "1-0"]
[WhiteElo "2176"]
[BlackElo "2247"]
[PlyCount "38"]
[EventDate "2003.12.20"]

1. e4 c6 2. d4 d5 3. e5 c5 4. Nf3 Bg4 5. c4 Nc6 6. cxd5 Bxf3 7. Qxf3 Nxd4 8.
Qd1 Qd7 9. Be3 O-O-O 10. Nc3 e6 11. Bxd4 exd5 12. Be2 h5 13. Rc1 cxd4 14. Nb5+
Kb8 15. Qxd4 b6 16. Rc7 Qf5 17. Rxa7 Bc5 18. Ra8+ Kb7 19. Rxd8 Ne7 1-0

[Event "I Festival A"]
[Site "Assisi ITA"]
[Date "2003.12.21"]
[Round "3"]
[White "Bighiu, Gheorghe"]
[Black "Bonghi, Alessandro"]
[Result "1-0"]
[WhiteElo "2112"]
[BlackElo "1830"]
[PlyCount "123"]
[EventDate "2003.12.20"]

1. h3 d5 2. d4 Bf5 3. Nf3 Nf6 4. e3 e6 5. c4 c6 6. Qb3 Qb6 7. c5 Qxb3 8. axb3
Nbd7 9. b4 Be7 10. Be2 h6 11. Bd2 O-O 12. O-O Bd8 13. b5 Bc7 14. Ba5 b6 15. Bd2
bxc5 16. bxc6 Nb8 17. Bb5 c4 18. Bb4 Rc8 19. Bc5 a5 20. Nc3 Bc2 21. Na4 Ne4 22.
Nb6 Bxb6 23. Bxb6 Nxc6 24. Bxc6 Rxc6 25. Rxa5 Rxa5 26. Bxa5 Ra6 27. Bc3 f6 28.
Rc1 Bb3 29. Kf1 Ra2 30. Ke1 Kf7 31. Ng1 Nd6 32. Ne2 Nc8 33. Kd2 Nb6 34. Rb1 Ra8
35. Nc1 Ba4 36. Ra1 Bc6 37. Rxa8 Bxa8 38. b3 Bc6 39. Ba5 cxb3 40. Nxb3 Nc4+ 41.
Kc3 Ba4 42. Nc5 Nxa5 43. Nxa4 Nc6 44. Nc5 Ke7 45. Nd3 Kd6 46. Nf4 g5 47. Ne2 e5
48. g4 Ke6 49. Ng3 exd4+ 50. exd4 Ne7 51. Kb4 Ng6 52. Nf5 Nf4 53. Kc5 Nd3+ 54.
Kc6 Nxf2 55. Ne3 Nxh3 56. Nxd5 Nf4 57. Nxf4+ gxf4 58. d5+ Ke5 59. d6 f3 60. d7
f2 61. d8=Q f1=Q 62. Qd5+ 1-0

[Event "I Festival A"]
[Site "Assisi ITA"]
[Date "2003.12.21"]
[Round "3"]
[White "Bonugli, Carlo"]
[Black "Esposito, Luca"]
[Result "1/2-1/2"]
[WhiteElo "2047"]
[BlackElo "2202"]
[PlyCount "140"]
[EventDate "2003.12.20"]

1. e4 c5 2. Nc3 Nc6 3. g3 g6 4. Bg2 Bg7 5. d3 d6 6. f4 e6 7. Nf3 Nge7 8. O-O b6
9. e5 dxe5 10. Nxe5 Bb7 11. Ne4 Qc7 12. Nxc6 Bxc6 13. Nc3 O-O 14. Re1 Bxg2 15.
Kxg2 Nf5 16. Be3 Rfd8 17. Bf2 c4 18. Qe2 cxd3 19. cxd3 Bxc3 20. bxc3 Qxc3 21.
Rad1 Rd7 22. Qe4 Rad8 23. g4 Nd6 24. Qe2 Nb5 25. Rc1 Qxd3 26. Bh4 Qd5+ 27. Kg3
Qd3+ 28. Kg2 Qxe2+ 29. Rxe2 Rd2 30. Bxd8 Rxe2+ 31. Kf1 Rxh2 32. Rc8 f5 33. g5
Rxa2 34. Bf6+ Kf7 35. Rd8 e5 36. Rd7+ Ke6 37. Re7+ Kd6 38. fxe5+ Kd5 39. Rd7+
Ke6 40. Re7+ Kd5 41. Rd7+ Kc6 42. e6 Ra4 43. Rxh7 Re4 44. e7 Nc7 45. Rg7 Nd5
46. Rxg6 Kd7 47. Rg8 Nxe7 48. Rb8 Nd5 49. Rb7+ Ke6 50. Bd8 a5 51. g6 a4 52. g7
Rg4 53. Bxb6 Nxb6 54. Rxb6+ Kd5 55. Ra6 Rxg7 56. Rxa4 Rc7 57. Ke2 Rc3 58. Ra8
Ke4 59. Ra4+ Ke5 60. Ra5+ Kf4 61. Ra8 Rc2+ 62. Kf1 Rd2 63. Rb8 Kf3 64. Kg1 Rd1+
65. Kh2 f4 66. Rb3+ Kf2 67. Rb7 Rd2 68. Re7 Re2 69. Ra7 f3 70. Ra8 Re7 1/2-1/2

[Event "I Festival A"]
[Site "Assisi ITA"]
[Date "2003.12.21"]
[Round "3"]
[White "Brancaleoni, Maurizio"]
[Black "Tischbierek, Raj"]
[Result "1/2-1/2"]
[WhiteElo "2313"]
[BlackElo "2519"]
[PlyCount "43"]
[EventDate "2003.12.20"]

1. Nf3 d5 2. d4 Nf6 3. c4 c6 4. Nc3 dxc4 5. a4 Bg4 6. Ne5 Bh5 7. g3 e6 8. Bg2
Bb4 9. O-O Nd5 10. Nxc4 Bxc3 11. bxc3 Nxc3 12. Qb3 Nxe2+ 13. Kh1 Nxc1 14. Qxb7
Nd7 15. Rfxc1 Rb8 16. Qxa7 O-O 17. Ne5 Nxe5 18. dxe5 f6 19. Qe3 Be8 20. Rc2 Ra8
21. Rd2 Qb8 22. exf6 1/2-1/2

[Event "I Festival A"]
[Site "Assisi ITA"]
[Date "2003.12.21"]
[Round "3"]
[White "Di Caro, Calogero"]
[Black "Castrogiovanni, Carlo"]
[Result "1/2-1/2"]
[WhiteElo "2221"]
[BlackElo "2068"]
[PlyCount "125"]
[EventDate "2003.12.20"]

1. g3 Nf6 2. Bg2 d5 3. Nf3 c5 4. O-O Nc6 5. d4 e6 6. c4 cxd4 7. Nxd4 Bc5 8.
Nxc6 bxc6 9. Qc2 Be7 10. b3 O-O 11. Bb2 Bb7 12. Nd2 Qb6 13. Rac1 a5 14. e4 Qa7
15. exd5 cxd5 16. cxd5 Rac8 17. Qb1 Bxd5 18. Bxd5 Nxd5 19. Qe4 Bf6 20. Bxf6
Nxf6 21. Qa4 Nd5 22. Rxc8 Rxc8 23. Nc4 Nc3 24. Qxa5 Qxa5 25. Nxa5 Nxa2 26. Ra1
Nb4 27. Nc4 Nc6 28. Nb6 Rb8 29. Ra8 Rxa8 30. Nxa8 Kf8 31. Nc7 Ke7 32. Na6 Kd6
33. b4 Nd4 34. Nc5 Kc6 35. f4 Kb5 36. Nd3 Nc6 37. Kf2 Nxb4 38. Ne5 f6 39. Nf3
Kc4 40. Ke3 Nd5+ 41. Ke4 Nc3+ 42. Ke3 Kd5 43. Ne1 Nd1+ 44. Ke2 Nb2 45. Ke3 Nc4+
46. Kd3 e5 47. fxe5 Nxe5+ 48. Ke2 Ke4 49. h3 h5 50. Nc2 Nf3 51. Kf2 h4 52. gxh4
Nxh4 53. Na3 Ng6 54. Nb5 Kd5 55. Nc7+ Ke5 56. Ne8 Nf4 57. Nxg7 Nxh3+ 58. Kg3
Nf4 59. Kf3 Ng6 60. Nh5 f5 61. Ng3 Nh4+ 62. Kf2 f4 63. Ne2 1/2-1/2

[Event "I Festival A"]
[Site "Assisi ITA"]
[Date "2003.12.21"]
[Round "3"]
[White "Diekmann, Hans-Joachim"]
[Black "Ragonesi, Marcello"]
[Result "1-0"]
[WhiteElo "2151"]
[BlackElo "1988"]
[PlyCount "112"]
[EventDate "2003.12.20"]

1. e4 d5 2. exd5 Qxd5 3. Nc3 Qd6 4. d4 Nf6 5. Nf3 a6 6. Be2 b5 7. O-O Bb7 8.
Bg5 Nbd7 9. Re1 e6 10. Bf1 Be7 11. Qe2 O-O 12. Rad1 Rfe8 13. a3 b4 14. axb4
Qxb4 15. Ne5 Bf8 16. Qe3 Nxe5 17. Qxe5 Bd6 18. Qe3 Ng4 19. Qe2 Nxh2 20. Qh5
Nxf1 21. Rxf1 Qa5 22. Qg4 Be7 23. Bf4 Bf6 24. Qg3 e5 25. Bg5 Bxg5 26. Qxg5 f6
27. Qf5 Rad8 28. d5 Qb4 29. Rd3 Bc8 30. Qh5 Qg4 31. Qh2 Re7 32. Re1 Bf5 33. Rd2
Qg6 34. f4 e4 35. Qh4 h5 36. Qf2 Rde8 37. Rde2 Bc8 38. Qc5 f5 39. Re3 Qd6 40.
Qc4 Kh7 41. g3 Bb7 42. Kf2 Rd8 43. Rd1 Qb6 44. Qe2 g6 45. b3 Qf6 46. Qc4 c6 47.
dxc6 Rxd1 48. Nxd1 Qxc6 49. Qxc6 Bxc6 50. Ke2 Rd7 51. Ke1 g5 52. Rc3 Bb7 53.
Ne3 Kg6 54. Rc5 gxf4 55. gxf4 Rf7 56. Kf2 h4 1-0

[Event "I Festival A"]
[Site "Assisi ITA"]
[Date "2003.12.21"]
[Round "3"]
[White "Farachi, Francesco"]
[Black "Starostits, Ilmars"]
[Result "0-1"]
[WhiteElo "2094"]
[BlackElo "2431"]
[PlyCount "58"]
[EventDate "2003.12.20"]

1. e4 c5 2. Nf3 d6 3. d4 cxd4 4. Nxd4 Nf6 5. Nc3 g6 6. Be2 Nc6 7. Be3 Bg7 8. f3
O-O 9. Qd2 d5 10. O-O-O Rb8 11. e5 Nxe5 12. Bf4 Ned7 13. Bxb8 Nxb8 14. Nb3 Nc6
15. g4 e6 16. g5 Nd7 17. f4 a6 18. Bf3 b5 19. h4 Nb6 20. h5 b4 21. Nxd5 exd5
22. hxg6 hxg6 23. Qf2 Bf5 24. Qc5 Qc7 25. Rh4 Na4 26. Qxd5 Bxb2+ 27. Kb1 Bxc2+
28. Kxc2 Nd4+ 29. Kd3 Qc3+ 0-1

[Event "I Festival A"]
[Site "Assisi ITA"]
[Date "2003.12.21"]
[Round "3"]
[White "Lapenna, Antonio"]
[Black "Delizia, Costantino"]
[Result "1-0"]
[WhiteElo "2072"]
[BlackElo "2219"]
[PlyCount "57"]
[EventDate "2003.12.20"]

1. e4 e6 2. d4 d5 3. Nc3 Bb4 4. e5 c5 5. a3 Bxc3+ 6. bxc3 Ne7 7. Qg4 Qc7 8.
Qxg7 Rg8 9. Qxh7 cxd4 10. Ne2 Nbc6 11. f4 Bd7 12. Qd3 dxc3 13. Nxc3 a6 14. Rb1
Na5 15. Ne2 Nec6 16. h4 O-O-O 17. h5 Nc4 18. h6 Rg6 19. Kd1 Rh8 20. h7 f5 21.
exf6 Be8 22. f5 Rxf6 23. Qg3 Qf7 24. Nf4 Rxf5 25. Bd3 Rxh7 26. Rxh7 Qxh7 27.
Bxf5 exf5 28. Nxd5 Qh5+ 29. Ke1 1-0

[Event "I Festival A"]
[Site "Assisi ITA"]
[Date "2003.12.21"]
[Round "3"]
[White "Machi', Fabio"]
[Black "Naumkin, Igor"]
[Result "0-1"]
[WhiteElo "1951"]
[BlackElo "2401"]
[PlyCount "44"]
[EventDate "2003.12.20"]

1. d4 e6 2. Nf3 f5 3. c4 Nf6 4. Nc3 Bb4 5. Qc2 O-O 6. g3 b6 7. Bg2 Bb7 8. O-O
Bxc3 9. bxc3 Qe7 10. a4 Be4 11. Qd1 Nc6 12. Ba3 d6 13. Bh3 Qf7 14. Ne5 Qh5 15.
Bg2 Bxg2 16. Kxg2 dxe5 17. Bxf8 Rxf8 18. e3 Qe8 19. Qb3 Ne4 20. Rfd1 Na5 21.
Qb4 Qh5 22. Ra2 Qxd1 0-1

[Event "I Festival A"]
[Site "Assisi ITA"]
[Date "2003.12.21"]
[Round "3"]
[White "Malek, Dellair"]
[Black "Rombaldoni, Axel"]
[Result "0-1"]
[WhiteElo "2130"]
[BlackElo "1894"]
[PlyCount "58"]
[EventDate "2003.12.20"]

1. Nf3 d5 2. d4 e6 3. c4 c6 4. Nc3 f5 5. e3 Nf6 6. Be2 Bd6 7. O-O O-O 8. Ne5 b6
9. f4 Bb7 10. Bd2 Ne4 11. Nxe4 fxe4 12. Bg4 Qe7 13. Be1 c5 14. Bg3 cxd4 15.
exd4 Nc6 16. Kh1 Bxe5 17. cxd5 Nxd4 18. fxe5 Rxf1+ 19. Qxf1 exd5 20. Rd1 Rf8
21. Qe1 Nf5 22. Bf4 Qh4 23. Qxh4 Nxh4 24. Be6+ Kh8 25. Bxd5 Bxd5 26. Rxd5 g5
27. Be3 Rf1+ 28. Bg1 e3 29. g3 e2 0-1

[Event "I Festival A"]
[Site "Assisi ITA"]
[Date "2003.12.21"]
[Round "3"]
[White "Meijers, Viesturs"]
[Black "Calandri, Fausto"]
[Result "1-0"]
[WhiteElo "2499"]
[BlackElo "2115"]
[PlyCount "55"]
[EventDate "2003.12.20"]

1. e4 e6 2. d4 d5 3. exd5 exd5 4. Nf3 Nf6 5. c4 Be7 6. Nc3 O-O 7. Bd3 c6 8. O-O
dxc4 9. Bxc4 Nbd7 10. Ne5 Nb6 11. Bb3 Nbd5 12. Bg5 Be6 13. Re1 h6 14. Bh4 a5
15. Ng6 fxg6 16. Rxe6 g5 17. Bg3 Kh8 18. Qd3 Rf7 19. Rae1 Qd7 20. Qg6 Bf8 21.
Nxd5 cxd5 22. Ba4 b5 23. Bxb5 Qa7 24. Be5 Ne4 25. f3 Bc5 26. fxe4 Bxd4+ 27.
Bxd4 Qxd4+ 28. Kh1 1-0

[Event "I Festival A"]
[Site "Assisi ITA"]
[Date "2003.12.21"]
[Round "3"]
[White "Miladinovic, Igor"]
[Black "Mrdja, Milan"]
[Result "1/2-1/2"]
[WhiteElo "2599"]
[BlackElo "2387"]
[PlyCount "75"]
[EventDate "2003.12.20"]

1. d4 e6 2. c4 c5 3. Nf3 cxd4 4. Nxd4 Nc6 5. Nc3 Nf6 6. g3 Bc5 7. Nb3 Be7 8.
Bg2 O-O 9. O-O d6 10. Bf4 Nh5 11. Bc1 Nf6 12. Nd4 Bd7 13. b3 a6 14. Bb2 Rb8 15.
e3 Qa5 16. a3 Rfc8 17. Rc1 Qd8 18. Na2 Nxd4 19. exd4 b5 20. c5 dxc5 21. dxc5
Rxc5 22. Rxc5 Bxc5 23. Be5 Rb6 24. b4 Be7 25. Nc3 a5 26. Qd4 axb4 27. axb4 Be8
28. Qxd8 Bxd8 29. Ra1 Nd7 30. Bd4 Rb8 31. Ba7 Rc8 32. Nxb5 Be7 33. Be3 Bxb4 34.
Na7 Rc3 35. Nb5 Rc8 36. Na7 Rc3 37. Nb5 Rc8 38. Na7 1/2-1/2

[Event "I Festival A"]
[Site "Assisi ITA"]
[Date "2003.12.21"]
[Round "3"]
[White "Quimi, Marco"]
[Black "Frigieri, Fabrizio"]
[Result "1-0"]
[WhiteElo "2248"]
[BlackElo "2082"]
[PlyCount "89"]
[EventDate "2003.12.20"]

1. e4 c5 2. Bc4 Nc6 3. Nf3 d6 4. O-O Nf6 5. d3 e5 6. h3 Be7 7. Nc3 O-O 8. Bg5
a6 9. a4 Rb8 10. Bxf6 Bxf6 11. Nd5 Be6 12. Qd2 Ne7 13. Nxf6+ gxf6 14. Qh6 d5
15. exd5 Nxd5 16. Bxd5 Bxd5 17. Nh4 Kh8 18. f4 Rg8 19. Rae1 f5 20. Rf2 e4 21.
Nxf5 Rg6 22. Qh4 exd3 23. Qxd8+ Rxd8 24. cxd3 Re6 25. Rc1 Bc6 26. Rxc5 Rxd3 27.
a5 h6 28. Kh2 Kh7 29. Nh4 Rd1 30. Re5 Re1 31. Rxe1 Rxe1 32. Rd2 Re4 33. Kg3 Rb4
34. Nf5 Rb5 35. Nd6 Rb3+ 36. Kh4 Rb4 37. g3 Kg6 38. Nc8 Bf3 39. Rd6+ Kg7 40.
Ne7 f6 41. Nf5+ Kg6 42. g4 Be4 43. Ng3 Bg2 44. Rd7 f5 45. Nh5 1-0

[Event "I Festival A"]
[Site "Assisi ITA"]
[Date "2003.12.21"]
[Round "3"]
[White "Scivales, Daniel"]
[Black "Rombaldoni, Andrea"]
[Result "0-1"]
[WhiteElo "2088"]
[BlackElo "2275"]
[PlyCount "38"]
[EventDate "2003.12.20"]

1. d4 Nf6 2. Nf3 g6 3. e3 Bg7 4. Bd3 d6 5. O-O O-O 6. b3 Nc6 7. Bb2 e5 8. dxe5
Ng4 9. Be2 Ngxe5 10. Nxe5 Nxe5 11. Kh1 Re8 12. Nd2 Qh4 13. Rb1 Bg4 14. Nf3 Qh5
15. Ng1 Bxe2 16. Qxe2 Ng4 17. Nf3 Bxb2 18. Rxb2 Nxh2 19. g4 Qxg4 0-1

[Event "I Festival A"]
[Site "Assisi ITA"]
[Date "2003.12.21"]
[Round "3"]
[White "Skembris, Spyridon"]
[Black "Epishin, Vladimir V."]
[Result "0-1"]
[WhiteElo "2439"]
[BlackElo "2658"]
[PlyCount "82"]
[EventDate "2003.12.20"]

1. d4 Nf6 2. c4 e6 3. Nf3 d5 4. g3 Bb4+ 5. Bd2 Be7 6. Bg2 O-O 7. Qc2 c6 8. O-O
b6 9. Bg5 Nbd7 10. Nbd2 Bb7 11. Rfd1 h6 12. Bxf6 Nxf6 13. e4 Rc8 14. c5 a5 15.
a3 bxc5 16. dxc5 a4 17. Rac1 Qa5 18. Ne5 Rc7 19. Bf1 Rb8 20. b4 axb3 21. Nxb3
Qa7 22. exd5 cxd5 23. Bb5 Ne4 24. c6 Bg5 25. Nd4 Bxc1 26. Qxc1 Ba6 27. a4 Nd6
28. Nd7 Bxb5 29. Nxb8 Bxa4 30. Rd2 Qxb8 31. Rb2 Qa7 32. Qa1 e5 33. Nf3 Bxc6 34.
Ra2 Qb7 35. Nxe5 d4 36. Rb2 Bb5 37. Rb1 Qd5 38. Re1 Re7 39. f4 Bc6 40. Nxc6
Rxe1+ 41. Qxe1 Qxc6 0-1